000 00861nam a2200229Ia 4500
001 693
003 GE_BSU
008 181216s||||||||xx |||||||||||||| ||und||
020 _a9789941409554
040 _cGE_BSU
080 _a94(560)
100 _aმაკარაძე,ემზარ
245 _aმუსტაფა ქემალ ათათურქის როლი რესპუბლიკურ თურქეთში
245 _cრედ. ო.გოგოლიშვილი
260 _aბათუმი
260 _bშოთა რუსთაველის სახ. უნ–ტი
260 _c2009
300 _a110გვ.
541 _h4ლ.
653 _aმუსტაფა ქემალ ათათურქის როლი რესპუბლიკურ თურქეთში
942 _cBK
999 _c34874
_d34874